000 00563nam a2200169Ia 4500
008 090201s9999 xx 000 0 und d
010 _aKPL-13761
040 _bमराठी
041 _aमराठी
082 _a18594
_b13761
100 _aदिनानाथ लाटे
245 _aनच सुंदरी करू कोपा
_cदिनानाथ लाटे
260 _c2004
_bसुहास प्रकाशन
300 _a220
_bमोठा
600 _aनच सुंदरी करू कोपा
942 _cBOOK
999 _c218455
_d218455